Tattoo - Loreen - Statistics

General Stats
  • This quiz has been taken 225 times
  • The average score is 241 of 283
Answer Stats
Answer % Correct
a
99%
I
99%
don't
97%
Don't
97%
me
96%
tattoo
96%
the
96%
to
96%
When
96%
you
96%
You
96%
and
95%
And
95%
is
94%
about
93%
all
93%
All
93%
be
93%
care
93%
No
93%
like
92%
on
91%
love
90%
go
89%
It
89%
it
89%
stuck
89%
there
89%
we
89%
I'll
88%
want
87%
angels
86%
cryin'
86%
It's
86%
know
86%
wanna
86%
stars
85%
'Cause
84%
playin'
84%
But
83%
my
83%
not
83%
them
83%
This
83%
this
83%
time
83%
baby
82%
say
82%
your
82%
both
81%
goodbye
81%
pain
81%
loved
80%
our
79%
rain
79%
fire
78%
end
77%
You're
74%
you're
74%
will
73%
align
72%
Violins
72%
again
71%
through
70%
meet
69%
then
69%
come
67%
Just
65%
walk
65%
closer
64%
Until
64%
day
62%
get
60%
way
60%
find
58%
I'm
55%
got
54%
in
54%
that
52%
cool
48%
down
46%
heart
44%
hand
43%
lose
41%
takin'
41%
letting
39%
friend
37%
Oh
37%
oh
37%
hair
36%
No matching quizzes found
Score Distribution
Percent of People with Each Score
Percentile by Number Answered
Your Score History
You have not taken this quiz